Culturas y religiones en diálogo

Saved in:
Bibliografiske detaljer
Main Authors: Tamayo, Juan José (Author), Fariñas, María José (Author)
Format: Bog
Sprog:spansk
Udgivet: Madrid Síntesis 2007
Serier:Coleccion Religiones
Fag:
Tags: Tilføj Tag
Ingen Tags, Vær først til at tagge denne postø!

MARC

LEADER 00000nam a2200000 a 4500
001 UCI9968
003 CL-VaPUC
008 081218e20070000SP |||||||||||||||||spa|d
020 |a 9788497564809 
082 0 4 |a 270.82  |b TAM  |2 21 
100 0 |a Tamayo, Juan José  |e author  |9 534025 
700 0 |a Fariñas, María José  |e author  |9 534026 
245 1 0 |a Culturas y religiones en diálogo 
300 |a 255 p 
942 |c BK 
945 |d 20081218 00:00:00  |a jtorresc 
260 |a Madrid  |b Síntesis  |c 2007 
650 7 |a FUNDAMENTALISMO RELIGIOSO  |2 CL-VaPUC  |9 431245 
650 0 |a Filosofía de la religión   |9 256017 
650 7 |a CULTURA RELIGIOSA  |2 CL-VaPUC  |9 534027 
650 0 |a Cristianismo  |9 257361 
650 0 |a Teología   |9 258766 
583 |a last modification  |c 20081218 00:00:00  |k Rodrigo Vera 
490 0 |a Coleccion Religiones 
999 |c 332393  |d 332391 
952 |0 0  |1 0  |4 0  |6 270_820000000000000_TAM_2007  |7 0  |8 A  |9 420055  |a BIBTEO  |b BIBTEO  |d 2019-11-22  |i 450691K  |l 2  |o 270.82 TAM 2007  |p 450691K  |r 2025-01-30  |s 2025-01-02  |w 2019-11-22  |y BK  |k ICR